000
00309nam a22001337a 4500
008
181023b xxu||||| |||| 00| 0 eng d
020
_a
9780312306441
041
_a
eng
080
_a
321
100
_a
21
101
_a
POL
245
_a
The War Against The Terorr Masters
_c
Ledeen.M.A
942
_2
udc
_c
BK
999
_c
50766
_d
50766